000 00419cam a2200181ua 4500
001 3960
008 111210n ii |||gr||||Z||||||asm
040 _cMAIN
082 _a891.4511
100 1 _aRajkhowa, Saildhar,
245 1 1 _aNizara
_cby Sailadhar Rajkhowa
250 _a4th.
260 _aJorhat:
_bAsam sahitya sabha,990.
300 _a12p:
_c23cm.
653 _aAssamese poem
653 _aNizara
942 _cBK
999 _c3782
_d3782